Politické aspekty vzťahov Slovenskej republiky a Ruskej federácie bakalárska práca

Gespeichert in:
Bibliographische Detailangaben
1. Verfasser: Šiková, Kristína
Körperschaft: Fakulta medzinárodných vzťahov EU. Katedra medzinárodných politických vzťahov
Weitere Verfasser: Vokálová, Emília
Format: Buch
Sprache:Slowakisch
Veröffentlicht: Bratislava 2010
Tags: Tag hinzufügen
Keine Tags, Fügen Sie das erste Tag hinzu!

MARC

LEADER 00000nam$a2200000$$$4500
001 0137055
005 20240320074403.6
041 0 |a slo 
044 |a SK 
245 1 0 |a Politické aspekty vzťahov Slovenskej republiky a Ruskej federácie  |b bakalárska práca  |c Kristína Šiková ; školiteľ: Emília Vokálová 
264 1 |a Bratislava  |c 2010 
300 |a 49 s. 
100 1 |a Šiková, Kristína 
700 1 |a Vokálová, Emília 
710 2 |a Fakulta medzinárodných vzťahov EU. Katedra medzinárodných politických vzťahov